مكتبة جامعة عجلون الوطنية

فهرس بحث المكتبة

مدخل مبسط الى منطق نظرية النسبيه الخاصة (Record no. 4112)

MARC details
000 -LEADER
fixed length control field 00712nam a2200229Ii 4500
003 - CONTROL NUMBER IDENTIFIER
control field JO-AjNU
005 - DATE AND TIME OF LATEST TRANSACTION
control field 20240623134852.0
008 - FIXED-LENGTH DATA ELEMENTS--GENERAL INFORMATION
fixed length control field 230605s9999||||xx |||||||||||||| ||und||
020 ## - INTERNATIONAL STANDARD BOOK NUMBER
International Standard Book Number 30693
040 ## - CATALOGING SOURCE
Original cataloging agency JO-AjNU
Language of cataloging ara
Description conventions rda
Transcribing agency JO-AjNU
041 ## - LANGUAGE CODE
Language code of text/sound track or separate title ara
050 14 - LIBRARY OF CONGRESS CALL NUMBER
Classification number QC175.36.R4.G45 1984
100 3# - MAIN ENTRY--PERSONAL NAME
Personal name غصيب ، هشام,
Relator term author
9 (RLIN) 7962
245 00 - TITLE STATEMENT
Title مدخل مبسط الى منطق نظرية النسبيه الخاصة
260 ## - PUBLICATION, DISTRIBUTION, ETC.
Place of publication, distribution, etc. عمان :
Name of publisher, distributor, etc. دار الفرقان،
Date of publication, distribution, etc. 1984
300 ## - PHYSICAL DESCRIPTION
Extent 57ص
336 ## - CONTENT TYPE
Content type term text
Content type code txt
Source rdacontent
337 ## - MEDIA TYPE
Media type term unmediated
Media type code n
Source rdamedia
338 ## - CARRIER TYPE
Carrier type term volume
Carrier type code nc
Source rdacarrier
650 #4 - SUBJECT ADDED ENTRY--TOPICAL TERM
Topical term or geographic name entry element الاسلام والعلم-ذرة-نظريات
9 (RLIN) 7963
942 ## - ADDED ENTRY ELEMENTS (KOHA)
Source of classification or shelving scheme Library of Congress Classification
Koha item type Books
Holdings
Withdrawn status Lost status Source of classification or shelving scheme Damaged status Not for loan Home library Current library Shelving location Date acquired Total Checkouts Full call number Barcode Date last seen Price effective from Koha item type
    Library of Congress Classification     مكتبة جامعة عجلون الوطنية مكتبة جامعة عجلون الوطنية المجموعات العامة 23/06/2024   QC175.36.R4.G45 1984 A544 06/06/2023 23/06/2024 Books